مينلوپا ر ک کا جا د و گر (Record no. 171013)

MARC details
000 -LEADER
fixed length control field 00718nam a22001937a 4500
005 - DATE AND TIME OF LATEST TRANSACTION
control field 20200102131553.0
010 ## - LCCN (DPL NO)
LC control number B-51914
020 ## - INTERNATIONAL STANDARD BOOK NUMBER
Terms of availability 23.00
International Standard Book Number -
035 ## - SYSTEM CONTROL NUMBER
System control number B-51914
037 ## - SOURCE OF ACQUISITION
Source of stock number/acquisition BPPD
082 ## - DEWEY DECIMAL CLASSIFICATION NUMBER
Classification number ک
100 ## - MAIN ENTRY--PERSONAL NAME
Personal name بھٹا چا ر يہ ا يس سی ا ے کے چکر بر تی
245 ## - TITLE STATEMENT
Title مينلوپا ر ک کا جا د و گر
Statement of responsibility, etc بھٹا چا ر يہ ا يس سی ا ے کے چکر بر تی
246 ## - VARYING FORM OF TITLE
Title proper/short title Meenlu Park Ka Jadoogar (Urdu)
Remainder of title byS.C.Bhatacharya A.K.Chakerberti
260 ## - PUBLICATION, DISTRIBUTION, ETC. (IMPRINT)
Place of publication, distribution, etc N. Delhi
Date of publication, distribution, etc 2001ء
Name of publisher, distributor, etc Childern Book Trust
270 ## - ADDRESS
City N.Delhi
Telephone number -
Postal code -
300 ## - PHYSICAL DESCRIPTION
Extent 104ص
Dimensions 22 cm(hb)
942 ## - ADDED ENTRY ELEMENTS (KOHA)
Source of classification or shelving scheme Dewey Decimal Classification
Item type Urdu Bks
Classification part ک
Call number suffix ب ھ ٹ
Holdings
Withdrawn status Lost status Not for loan Collection code Home library Current library Date acquired Source of acquisition Cost, normal purchase price Full call number Barcode Copy number Cost, replacement price Koha item type
      Fiction Central Library Central Library 02/01/2020 BPPD/Ven. 23.00 ک ب ھ ٹ B-51914 1 23.00 Urdu Bks

© Delhi Public Library
Hit Counter
free hit counter